| 000 | 00000nam##2200000za#4500 |
| 001 | 9.578688 |
| 003 | CaOODSP |
| 005 | 20210624190214 |
| 007 | cr ||||||||||| |
| 008 | 150406|1987||||xxc|||||o f|0| 0 eng|d |
| 022 | |a1488-5387 |
| 040 | |aCaOODSP|beng |
| 043 | |an-cn--- |
| 086 | 1 |aFs97-4/1946E-PDF |
| 110 | 1 |aCanada. |bDepartment of Fisheries and Oceans. |
| 245 | 10|aFish transport techniques in common use at salmonid enhancement facilities in British Columbia / |h[electronic resource]|cby B.G. Shepherd and G.F. Bérézay. |
| 260 | |aVancouver - British Columbia : |bFisheries and Oceans Canada |cAugust 1987. |
| 300 | |a41p.|bfig., references, photographs |
| 490 | 1 |aCanadian manuscript report of fisheries and aquatic sciences|x1488-5387|vNo. 1946 |
| 546 | |a(Résumés en français) |
| 590 | |a14-03-Supp|b2014-01-17 |
| 830 | #0|aCanadian manuscript report of fisheries and aquatic sciences,|x1488-5387|vNo. 1946|w(CaOODSP)9.505211 |
| 856 | 40|ahttp://publications.gc.ca|qPDF|s10358 KB|uhttps://publications.gc.ca/collections/collection_2014/mpo-dfo/Fs97-4-1946-eng.pdf|yNo. 1946 |